000 00560nam a22002057a 4500
003 OSt
005 20260629155824.0
008 260629b |||||||| |||| 00| 0 eng d
020 _a9781595620156
040 _cChuka University Library
050 _aHF 5549.5 .C55 2007
100 _aClifton Don
_931776
245 _aStrengthsFinder 2.0 from Gallup
260 _aNew York
_bGallup Press
_c2007
300 _aVarious Pagings
650 _aAbility
_931777
650 _aself-Realization
_911403
650 _aPersonality Tests
_912980
942 _2lcc
_cBK
_n0
999 _c25488
_d25488